000 02679cam a22004814i 4500
003 PE-LiUPU
005 20250731183438.0
008 150706s2007 r 000 0 d
020 _a9789682476945
035 _a(Sirsi) i9789682476945
040 _aPE-LiUPU
_bspa
_cPE-LiUPU
_erda
049 _aPRUA
082 0 4 _a720.284
_bN28
_221
100 1 _aNavale, M.,
_eautor.
245 1 0 _aDiseño clásico arquitectónico /
_cM. Navale ; traducción Isadora Somerville Arzate ; Revisión técnica Francisco Javier López Morales.
250 _a2a ed.
264 1 _aMéxico, D.F. :
_bTrillas,
_c2007.
300 _a359 páginas :
_bilustraciones ;
_c32cm.
336 _atext
_2rdacontent
337 _aunmediated
_2rdamedia
338 _avolume
_2rdacarrier
500 _aTraducción de: Corso di disegnoTitulo de la ed. anterior: Curso de diseño arquitectónico.
505 0 _aInstrumento de diseño -- Simbología gráfica -- Construcciones geométricas -- Escalas de proporción. -Proyecciones ortogonales -- Perspectivas -- Cortes o alzados -- Desarrollo -- Teoría de las sombras y del claroscuro -- Compenetraciones de sólidos -- El dibujo técnico en edificación -- Bosquejos o croquis -- Levantamiento del original -- Línea y diseño industrial -- Color y arquitectura -- Dibujo por computadora -- Historia de la arquitectura -- Dibujo en el proyecto.
526 _aP158
526 _aP146
526 _aP17
526 _aP12
526 _aP06
541 _g015-0015390;
541 _g015-0016385;
650 0 4 _aDecoración y ornamentación arquitectónica.
650 0 4 _aArquitectura
_vDiseños y planos.
700 1 _aSomerville Arzate, Isadora,
_etr.
700 1 _aLópez Morales, Francisco Javier,
_erev. téc.
910 _cng
_d20130606
942 _2ddc
_cBOOK
949 _a720.284 N28
_wDEWEY
_c1
_i67501
_lCCODEBUL1
_mBUL
_p34.00
_r0
_sY
_tBOOK
_u2015-7-6
_xINGENIERIA
_PP06
_o.STAFF. Colección General
949 _a720.284 N28
_wDEWEY
_c2
_i69745
_lCCODEBUL1
_mBUL
_p33.00
_r0
_sY
_tBOOK
_u2015-7-6
_xINGENIERIA
_PP06
_o.STAFF. Colección General
994 _aC0
_bPEPRU
596 _a1
999 _a720.284 N28
_wDEWEY
_c55132
_i67501
_d55132
_e2017-6-1
_f2021-11-9
_g7
_lCCODEBUL1
_mBUL
_n1
_p34.00
_q1
_r0
_sY
_tBOOK
_u2015-7-6
_xINGENIERIA
_PP06
_0COMPRA
_o.STAFF. Colección Ingenieria y Arquitectura
999 _a720.284 N28
_wDEWEY
_c2
_i69745
_d2017-3-15
_e2017-3-10
_f2021-11-9
_g8
_lCCODEBUL1
_mBUL
_n3
_p33.00
_r0
_sY
_tBOOK
_u2015-7-6
_xINGENIERIA
_PP06
_0COMPRA
_o.STAFF. Colección Ingenieria y Arquitectura
980 _81
_gALBERTO SANCHEZ Responsable de Automatización